<?xml version='1.0' encoding='UTF-8'?><?xml-stylesheet href='static/style.xsl' type='text/xsl'?><OAI-PMH xmlns="http://www.openarchives.org/OAI/2.0/" xmlns:xsi="http://www.w3.org/2001/XMLSchema-instance" xsi:schemaLocation="http://www.openarchives.org/OAI/2.0/ http://www.openarchives.org/OAI/2.0/OAI-PMH.xsd"><responseDate>2026-04-30T16:39:51Z</responseDate><request verb="GetRecord" identifier="oai:ebiltegia.mondragon.edu:20.500.11984/4361" metadataPrefix="marc">https://ebiltegia.mondragon.edu/oai/request</request><GetRecord><record><header><identifier>oai:ebiltegia.mondragon.edu:20.500.11984/4361</identifier><datestamp>2024-01-04T21:56:56Z</datestamp><setSpec>com_20.500.11984_1736</setSpec><setSpec>com_20.500.11984_1627</setSpec><setSpec>col_20.500.11984_1972</setSpec></header><metadata><record xmlns="http://www.loc.gov/MARC21/slim" xmlns:dcterms="http://purl.org/dc/terms/" xmlns:xsi="http://www.w3.org/2001/XMLSchema-instance" xmlns:doc="http://www.lyncode.com/xoai" xsi:schemaLocation="http://www.loc.gov/MARC21/slim http://www.loc.gov/standards/marcxml/schema/MARC21slim.xsd">
   <leader>00925njm 22002777a 4500</leader>
   <datafield ind2=" " ind1=" " tag="042">
      <subfield code="a">dc</subfield>
   </datafield>
   <datafield ind2=" " ind1=" " tag="720">
      <subfield code="a">Mondragon Unibertsitatea</subfield>
      <subfield code="e">author</subfield>
   </datafield>
   <datafield ind2=" " ind1=" " tag="260">
      <subfield code="c">2015-09-08</subfield>
   </datafield>
   <datafield ind2=" " ind1=" " tag="520">
      <subfield code="a">2015-2016 ikasturtean, 355 ikasle berri izango ditu Humanitate eta Hezkuntza Zientzien Fakultateak. Hala, Hezkuntzako gradu presentzialetako lehenengo mailetan, 174 ikaslek eman dute izena; hezkuntzako erdi-presentzialeko aukeran, ostera, 95 ikaslek egin dute matrikula. Ikus-entzunezko Komunikazioa graduan, berriz, 50 ikasle berri izango dira lehen mailan. Azkenik, unibertsitate masterrei dagokionez, 36 lagunek eman dute izena fakultateak eskaintzen dituen hiru masterretan. Kontua hartu behar da, gainera, kopuru horiek ez direla behin betikoak, izan ere, zenbait ikasketetan oraindik irekita dago matrikula egiteko epea.</subfield>
   </datafield>
   <datafield ind2=" " ind1=" " tag="520">
      <subfield code="a">La Facultad de Humanidades y Ciencias de la Educación contará con más de 355 nuevos alumnos en el presente curso 2015-2016. En los grados presenciales en Educación han sido 174 los estudiantes matriculados en el primer curso; en la modalidad online, por otra parte, son 95 los nuevos estudiantes matriculados. El grado en Comunicación audiovisual contará con 50 nuevos estudiantes en su primer curso. En cuanto a los másteres universitarios, un total e 36 alumnos y alumnas se han inscrito en los tres másteres en educación que oferta la facultad. Previsiblemente, las cifras crecerán ya que todavía no se han cerrado el plazo de matriculación en algunas de los grados y másteres.</subfield>
   </datafield>
   <datafield ind1="8" ind2=" " tag="024">
      <subfield code="a">https://hdl.handle.net/20.500.11984/4361</subfield>
   </datafield>
   <datafield tag="653" ind2=" " ind1=" ">
      <subfield code="a">Humanitate eta Hezkuntza Zientzien Fakultatea</subfield>
   </datafield>
   <datafield ind2="0" ind1="0" tag="245">
      <subfield code="a">Aurtengo ikasturtean 355 ikasle berri izango ditu Humanitate eta Hezkuntza Zientzien Fakultateak</subfield>
   </datafield>
   <datafield ind2="0" ind1="0" tag="245">
      <subfield code="a">La Facultad de Humanidades y Ciencias de la Educación tendrá 355 nuevos alumnos el presente curso</subfield>
   </datafield>
</record></metadata></record></GetRecord></OAI-PMH>